[Event "52nd World Juniors 2013"]
[Site "Kocaeli TUR"]
[Date "2013.09.18"]
[Round "6.46"]
[White "Soysal, Serkan"]
[Black "Zhanbai Uulu, Zhokhar"]
[Result "0-1"]
[WhiteElo "2097"]
[BlackElo "1843"]
[WhiteFideId "6349250"]
[BlackFideId "13800809"]
[EventDate "2013.09.13"]

1. d4 d5 2. Bf4 e6 3. Nf3 Bd6 4. Bg3 b6 5. Nbd2 Nf6 6. e3 Bb7 7. Bd3 Qe7 8. Ne5
c5 9. c3 Nfd7 10. f4 f5 11. O-O Bxe5 12. fxe5 c4 13. Bc2 O-O 14. Nf3 h6 15. h4
g6 16. Bf4 Kg7 17. Qd2 Rh8 18. Kf2 Nc6 19. Rg1 h5 20. Bg5 Qe8 21. Rh1 Nd8 22.
Ba4 Bc6 23. Bxd8 Bxa4 24. Bf6+ Nxf6 25. exf6+ Kxf6 26. Rh3 Kg7 27. Rg3 Qe7 28.
Rg5 Be8 29. Ne5 Bf7 30. Qe2 b5 31. a3 a5 32. Rh1 b4 33. axb4 axb4 34. Nc6 Qc7
35. Nxb4 e5 36. Qf3 exd4 37. exd4 Rae8 38. Re1 Rxe1 39. Kxe1 Re8+ 40. Kd2 Qe7
41. Nc2 Kf8 42. Qe3 Qd6 43. Qg3 Qb6 44. Kc1 Re4 45. Qf2 Qd8 46. Kd2 Qb8 47. Kc1
Rf4 48. Qe1 Re4 49. Qf2 Qh2 50. Ne1 Qh1 51. Kd2 Rxh4 52. Rg3 Re4 53. Rh3 Rxe1
54. Qxe1 Qxe1+ 55. Kxe1 f4 56. Kf2 g5 57. Rh1 Kg7 58. Re1 Kf6 59. Re5 Be6 60. g3
fxg3+ 61. Kxg3 Bf7 62. Re1 Be6 63. Rf1+ Bf5 64. Ra1 Be4 65. Ra8 Kf5 66. Rf8+ Kg6
67. Rb8 Kf5 68. b3 cxb3 69. Rxb3 h4+ 70. Kh3 Kf4 71. Rb8 Bf5+ 72. Kh2 g4 73. Rf8
g3+ 74. Kg2 h3+ 75. Kg1 Kg4 76. Re8 Kf3 77. Rf8 Kf4 78. Kh1 Ke4 79. Rg8 Kf3 80.
Rf8 Kg4 81. Rg8+ Kh4 82. Rh8+ Kg5 83. Rg8+ Bg6 84. Kg1 Kf6 85. Rf8+ Kg7 0-1

[Event "52nd World Juniors 2013"]
[Site "Kocaeli TUR"]
[Date "2013.09.18"]
[Round "6.47"]
[White "Asgarizadeh, Ahmad"]
[Black "Kitir, Ahmet"]
[Result "1-0"]
[WhiteElo "2354"]
[BlackElo "1866"]
[WhiteFideId "12505684"]
[BlackFideId "6327737"]
[EventDate "2013.09.13"]

1. e4 e6 2. d4 d5 3. Nd2 dxe4 4. Nxe4 Nd7 5. Nf3 Ngf6 6. Nxf6+ Nxf6 7. Bd3 Be7
8. Qe2 O-O 9. Bf4 b6 10. O-O Bb7 11. Rad1 Re8 12. c4 Bf8 13. Ne5 Qe7 14. Bg5 h6
15. Bh4 Rac8 16. Bb1 g5 17. Bg3 Nd7 18. f4 Nxe5 19. fxe5 Bg7 20. Qd3 Qd7 21. d5
exd5 22. cxd5 Qe7 23. e6 f6 24. d6 1-0

[Event "52nd World Juniors 2013"]
[Site "Kocaeli TUR"]
[Date "2013.09.18"]
[Round "6.48"]
[White "Kilic, Efe Mert"]
[Black "Pecurica, Milos"]
[Result "0-1"]
[WhiteElo "1843"]
[BlackElo "2190"]
[WhiteFideId "6354327"]
[BlackFideId "944963"]
[EventDate "2013.09.13"]

1. e4 e5 2. f4 exf4 3. Bc4 d5 4. exd5 Qh4+ 5. Kf1 Nf6 6. Nf3 Qh5 7. Nc3 Bd6 8.
Qe2+ Kd8 9. d3 Re8 10. Qf2 g5 11. Qd4 Nbd7 12. Ne4 Nxe4 13. dxe4 g4 14. Ng1 Bc5
15. Qd3 Ne5 16. Qc3 Qh4 17. g3 fxg3 18. hxg3 Qxh1 19. Bg5+ Kd7 20. Bb5+ Kd6 21.
Be3 Bxe3 22. Qxe3 c6 23. dxc6 bxc6 24. Qa3+ Ke6 25. Rd1 Kf6 26. Rd6+ Re6 27. Qe3
Rxd6 28. Qf4+ Kg7 29. Qxe5+ Rf6+ 30. Ke2 Qg2+ 31. Kd3 Qf1+ 32. Ne2 0-1

[Event "52nd World Juniors 2013"]
[Site "Kocaeli TUR"]
[Date "2013.09.18"]
[Round "6.49"]
[White "Du Plessis, Heinco"]
[Black "Aydin, Hasan Bora"]
[Result "1-0"]
[WhiteElo "2050"]
[BlackElo "1848"]
[WhiteFideId "14306263"]
[BlackFideId "6336612"]
[EventDate "2013.09.13"]

1. e4 c5 2. Nf3 g6 3. d4 cxd4 4. Qxd4 Nf6 5. Nc3 Nc6 6. Qa4 d6 7. e5 dxe5 8.
Nxe5 Qd4 9. Nxc6 Qxa4 10. Nxa4 bxc6 11. Be3 Bg7 12. O-O-O Nd5 13. Bc5 Nb6 14.
Nxb6 axb6 15. Bxb6 Be6 16. a4 O-O 17. a5 Rfb8 18. Bd3 Rb7 19. Kd2 Be5 20. Ra1
Bd6 21. Rab1 Ba2 22. Rbd1 Bd5 23. g3 c5 24. c4 Bc6 25. f4 f6 26. f5 Kf7 27. Rhe1 1-0

[Event "52nd World Juniors 2013"]
[Site "Kocaeli TUR"]
[Date "2013.09.18"]
[Round "6.50"]
[White "Sahin, Ozgun"]
[Black "Zeydan, Salih"]
[Result "1/2-1/2"]
[WhiteElo "1857"]
[BlackElo "1968"]
[WhiteFideId "6328121"]
[BlackFideId "6361722"]
[EventDate "2013.09.13"]

1. e4 c5 2. Nf3 Nc6 3. Bb5 g6 4. c3 Bg7 5. O-O e6 6. d4 cxd4 7. cxd4 Qb6 8. Bxc6
dxc6 9. Nc3 Ne7 10. a4 a5 11. Ra3 O-O 12. Bf4 Re8 13. Rb3 Qd8 14. Ne5 b6 15. Qf3
f6 16. Ng4 g5 17. Bc1 Ng6 18. e5 f5 19. Nf6+ Bxf6 20. exf6 Qxf6 21. Qxc6 Ba6 22.
Rd1 Rec8 23. Qf3 g4 24. Qe3 Rab8 25. Re1 Bc4 26. Ra3 Rc6 27. b3 Bd5 28. Nxd5
exd5 29. Bd2 Rbc8 30. b4 f4 31. Qd3 axb4 32. Bxb4 Rc4 33. Rc3 Rxc3 34. Bxc3 f3
35. g3 Rc4 36. Bb2 Kg7 37. Qb3 Qc6 38. Qe3 Rc2 39. Bc1 Qxa4 40. Qh6+ Kg8 41. Qg5
Re2 42. Qxd5+ Kg7 43. Rf1 Re7 44. Qd6 Qb5 45. d5 h6 46. Be3 Rd7 47. Qxb6 Qxd5
48. Qb2+ Kh7 49. Qc2 Qd3 50. Qxd3 Rxd3 51. Rc1 1/2-1/2

[Event "52nd World Juniors 2013"]
[Site "Kocaeli TUR"]
[Date "2013.09.18"]
[Round "6.51"]
[White "Sumer, Gun"]
[Black "Atay, Sergen"]
[Result "1-0"]
[WhiteElo "1928"]
[BlackElo "1713"]
[WhiteFideId "6311784"]
[BlackFideId "6309143"]
[EventDate "2013.09.13"]

1. e4 e5 2. Nf3 Nc6 3. Bc4 Bc5 4. c3 Nf6 5. d3 d6 6. h3 a6 7. Bb3 h6 8. Nbd2 Ba7
9. Nf1 O-O 10. g4 Nh7 11. Ng3 Be6 12. Nf5 d5 13. Qe2 dxe4 14. dxe4 Bxb3 15. axb3
Qf6 16. g5 hxg5 17. Rg1 Ne7 18. Rxg5 Nxf5 19. Rxf5 Qg6 20. Nxe5 Qg1+ 21. Qf1
Qxf1+ 22. Kxf1 Rfe8 23. Nxf7 Rf8 24. Ng5 Rxf5 25. exf5 Rf8 26. Nxh7 Kxh7 27. Ra5
c5 28. Be3 Rxf5 29. b4 Bb6 30. Ra4 Kg6 31. Kg2 Kf6 32. h4 g6 33. Kh3 Ke6 34. Kg4
Rh5 35. bxc5 Bxc5 36. Bxc5 Rxc5 37. f4 Rb5 38. Rd4 Ra5 39. Rb4 b5 40. Kg5 Kf7
41. f5 gxf5 42. Kxf5 Ra4 43. Ke5 Ra1 44. c4 bxc4 45. Rxc4 Ra2 46. b4 Kg7 47. Rd4
Rb2 48. Kd6 Rc2 49. Kd5 a5 50. b5 Rb2 51. Kc6 a4 52. Rxa4 Rc2+ 53. Kb7 Kf8 54.
b6 Ke7 55. Rd4 Rc1 56. Kb8 Rc2 57. b7 Rc1 58. Ra4 1-0

[Event "52nd World Juniors 2013"]
[Site "Kocaeli TUR"]
[Date "2013.09.18"]
[Round "6.52"]
[White "Kulkarni, Rakesh"]
[Black "Baasansuren, Erdene"]
[Result "1-0"]
[BlackTitle "CM"]
[WhiteElo "2283"]
[BlackElo "1844"]
[WhiteFideId "5037077"]
[BlackFideId "4902084"]
[EventDate "2013.09.13"]

1. e4 c5 2. c3 Nf6 3. e5 Nd5 4. Nf3 e6 5. Bc4 Nc6 6. O-O Be7 7. d4 cxd4 8. cxd4
d6 9. Qe2 O-O 10. a3 Qc7 11. Bd3 Rd8 12. Qe4 g6 13. Bh6 b6 14. Nbd2 Bb7 15. Rac1
Rac8 16. Rfd1 Qb8 17. Nc4 dxe5 18. dxe5 b5 19. Nd6 Bxd6 20. exd6 a6 21. Rxc6
Bxc6 22. Qe5 f6 23. Qxe6+ Kh8 24. Ng5 Rf8 25. Nf7+ 1-0

[Event "52nd World Juniors 2013"]
[Site "Kocaeli TUR"]
[Date "2013.09.18"]
[Round "6.53"]
[White "Percin, Onder"]
[Black "Karaokcu, Erkin"]
[Result "0-1"]
[WhiteElo "1838"]
[BlackElo "2014"]
[WhiteFideId "6345190"]
[BlackFideId "6348459"]
[EventDate "2013.09.13"]

1. e4 c5 2. Nc3 g6 3. g3 Bg7 4. Bg2 Nc6 5. d3 Nf6 6. f4 d6 7. Nf3 O-O 8. O-O Rb8
9. h3 b5 10. Qe1 b4 11. Nd1 Nd7 12. g4 Ba6 13. Ne3 Nd4 14. Qf2 e6 15. f5 Nxf3+
16. Qxf3 g5 17. Kh1 h6 18. Rd1 Qb6 19. h4 Bf6 20. Nf1 Ne5 21. Qh3 Qd8 22. hxg5
Bxg5 23. Ng3 Bxc1 24. Raxc1 Qg5 25. Nh5 Kh8 26. Rg1 Nxg4 27. Rcf1 Rg8 28. Ng3
Bb7 29. Qh5 Qxh5+ 30. Nxh5 Rg5 31. Ng3 Rbg8 32. fxe6 fxe6 33. Bh3 d5 34. Rf3
dxe4 35. dxe4 Ne5 36. Re3 R8g6 37. b3 Kg7 38. Kh2 h5 39. Rd1 h4 40. Ne2 Rf6 41.
Rd6 Rf2+ 42. Kh1 Nf3 43. Rd7+ Kh6 44. Rxf3 Rxf3 45. Ng1 Rxh3+ 46. Nxh3 Bxe4+ 47.
Kh2 Rg2+ 48. Kh1 Rd2+ 49. Kg1 Rxd7 50. Nf2 Rg7+ 51. Kf1 Bg2+ 52. Ke2 h3 0-1

[Event "52nd World Juniors 2013"]
[Site "Kocaeli TUR"]
[Date "2013.09.18"]
[Round "6.54"]
[White "Thompson, Robert"]
[Black "Topac, Ahmet Eren"]
[Result "1-0"]
[WhiteElo "1966"]
[BlackElo "1800"]
[WhiteFideId "417513"]
[BlackFideId "6311873"]
[EventDate "2013.09.13"]

1. Nf3 d6 2. d4 g6 3. g3 Bg7 4. c4 Nf6 5. Bg2 O-O 6. O-O c6 7. Nc3 Qa5 8. e4 Qh5
9. Re1 Bh3 10. Bh1 Nbd7 11. b4 a5 12. b5 c5 13. e5 Ng4 14. Nd5 dxe5 15. dxe5
Ndxe5 16. Nf4 Qf5 17. Nh4 Qc8 18. Nxh3 Nxc4 19. Rb1 Rd8 20. Qc2 Nge5 21. Ng5 h6
22. Ngf3 Nd3 23. Qxc4 Nxe1 24. Nxe1 Rd1 1-0

[Event "52nd World Juniors 2013"]
[Site "Kocaeli TUR"]
[Date "2013.09.18"]
[Round "6.56"]
[White "Heinechen, John"]
[Black "Mesic, Vehid"]
[Result "1-0"]
[WhiteElo "1901"]
[BlackElo "1576"]
[WhiteFideId "3700976"]
[BlackFideId "14404320"]
[EventDate "2013.09.13"]

1. e4 e5 2. Nf3 Nc6 3. d4 exd4 4. Nxd4 Nf6 5. Nc3 Bb4 6. Nxc6 bxc6 7. Bd3 O-O 8.
O-O Re8 9. Bg5 h6 10. Bh4 g5 11. e5 Bxc3 12. bxc3 gxh4 13. exf6 Qxf6 14. Qg4+
Qg5 15. Qd4 h3 16. g3 c5 17. f4 Qe7 18. Qd5 Qe3+ 19. Rf2 Rb8 20. Qf5 Re6 21.
Qh7+ Kf8 22. f5 Reb6 23. f6 Rb1+ 24. Bf1 1-0

[Event "52nd World Juniors 2013"]
[Site "Kocaeli TUR"]
[Date "2013.09.18"]
[Round "6.57"]
[White "Abdrashev, Arlen"]
[Black "Meftahi, Houssem"]
[Result "0-1"]
[WhiteElo "1745"]
[BlackElo "2076"]
[WhiteFideId "13710257"]
[BlackFideId "5501660"]
[EventDate "2013.09.13"]

1. c4 e6 2. Nc3 d5 3. cxd5 exd5 4. d4 c6 5. Nf3 Nf6 6. Bg5 Be7 7. Qc2 O-O 8. e3
Nbd7 9. Bd3 Re8 10. O-O Nf8 11. h3 g6 12. Ne5 Ne6 13. f4 Ng7 14. g4 Nd7 15. Bxe7
Rxe7 16. Qg2 f6 17. Nxd7 Qxd7 18. Qf3 f5 19. g5 Qd6 20. Rab1 a5 21. a3 Bd7 22.
b4 axb4 23. axb4 Ra3 24. Rfc1 b5 25. Kf2 Re8 26. Qe2 Ne6 27. Qf3 Nc7 28. Qe2 Qe7
29. Nd1 Na6 30. Qd2 Nxb4 31. Bxb5 Ra2 0-1

[Event "52nd World Juniors 2013"]
[Site "Kocaeli TUR"]
[Date "2013.09.18"]
[Round "6.58"]
[White "Uraz, Abdullah Kerim"]
[Black "Ertekin, Oguzhan"]
[Result "0-1"]
[WhiteElo "1602"]
[BlackElo "1583"]
[WhiteFideId "2044846"]
[BlackFideId "6337481"]
[EventDate "2013.09.13"]

1. e4 e6 2. d4 d5 3. Nc3 Bb4 4. e5 c5 5. a3 Bxc3+ 6. bxc3 c4 7. f4 Qa5 8. Qd2
Nc6 9. Nf3 Bd7 10. Be2 Nge7 11. O-O O-O-O 12. a4 h5 13. Ba3 Nf5 14. Ng5 Be8 15.
Bb4 Qc7 16. Rfb1 b6 17. Qd1 h4 18. Bg4 Nce7 19. Qc1 Qc6 20. Kf2 f6 21. Bxe7 Nxe7
22. Nxe6 Bd7 23. Nxd8 Kxd8 24. Bxd7 Qxd7 25. a5 b5 26. exf6 gxf6 27. Qe3 h3 28.
g3 Nf5 29. Qf3 Qc6 30. Qg4 Nd6 31. Re1 Ne4+ 32. Kf1 a6 33. Re3 b4 34. cxb4 c3
35. Qe2 Kc7 36. Qd3 Kd6 37. Kg1 f5 38. Ra3 Rb8 39. Rf3 0-1

[Event "52nd World Juniors 2013"]
[Site "Kocaeli TUR"]
[Date "2013.09.19"]
[Round "7.2"]
[White "Ipatov, Alexander"]
[Black "Debashis, Das"]
[Result "1-0"]
[WhiteTitle "GM"]
[BlackTitle "IM"]
[WhiteElo "2601"]
[BlackElo "2489"]
[WhiteFideId "14116731"]
[BlackFideId "5024854"]
[EventDate "2013.09.13"]

1. d4 Nf6 2. c4 e6 3. Nc3 Bb4 4. a3 Bxc3+ 5. bxc3 c5 6. f3 d5 7. cxd5 exd5 8. e3
c4 9. Ne2 Nc6 10. g4 O-O 11. Ng3 Na5 12. Bg2 Nb3 13. Ra2 Qa5 14. Bd2 Bd7 15. O-O
Bc6 16. e4 dxe4 17. fxe4 Nxd2 18. Qxd2 Rae8 19. Rxf6 gxf6 20. h4 Re6 21. d5 Rd6
22. Qh6 Qc5+ 23. Rf2 f5 24. Qf4 Bd7 25. exf5 Re8 26. f6 Rxd5 27. Bxd5 Qxd5 28.
Qh6 Qd1+ 29. Nf1 1-0

[Event "52nd World Juniors 2013"]
[Site "Kocaeli TUR"]
[Date "2013.09.19"]
[Round "7.3"]
[White "Kovalev, Vladislav"]
[Black "Grover, Sahaj"]
[Result "1/2-1/2"]
[WhiteTitle "IM"]
[BlackTitle "GM"]
[WhiteElo "2568"]
[BlackElo "2479"]
[WhiteFideId "13504398"]
[BlackFideId "5021103"]
[EventDate "2013.09.13"]

1. e4 e6 2. d4 d5 3. Nd2 c5 4. exd5 Qxd5 5. Ngf3 cxd4 6. Bc4 Qd6 7. O-O Nf6 8.
Nb3 Nc6 9. Nbxd4 Nxd4 10. Nxd4 a6 11. Re1 Qc7 12. Bb3 Bd7 13. Bg5 Bd6 14. Bxf6
gxf6 15. Qh5 O-O-O 16. Qxf7 Bxh2+ 17. Kh1 Be5 18. c3 Bxd4 19. cxd4 Qf4 20. Bxe6
Bxe6 21. Qxe6+ Kb8 22. Qe3 Qxd4 23. Qxd4 Rxd4 24. Rad1 Rhd8 25. Rxd4 Rxd4 26.
Re2 Kc8 27. Kh2 Kd7 28. Kh3 h5 29. Kg3 a5 30. Kf3 Rb4 31. b3 Rd4 32. Ke3 Rg4 33.
Kf3 Rd4 34. Ke3 Rg4 35. Kf3 1/2-1/2

[Event "52nd World Juniors 2013"]
[Site "Kocaeli TUR"]
[Date "2013.09.19"]
[Round "7.5"]
[White "Sethuraman, S.P."]
[Black "Duda, Jan-Krzysztof"]
[Result "1-0"]
[WhiteTitle "GM"]
[BlackTitle "IM"]
[WhiteElo "2553"]
[BlackElo "2534"]
[WhiteFideId "5021596"]
[BlackFideId "1170546"]
[EventDate "2013.09.13"]

1. d4 Nf6 2. c4 e6 3. Nf3 b6 4. a3 Bb7 5. Nc3 g6 6. Qc2 Bg7 7. e4 O-O 8. Bg5 h6
9. Bh4 Qe8 10. O-O-O d6 11. d5 Na6 12. Be2 Nc5 13. Rhe1 Nh5 14. Bf1 e5 15. Nd2
a5 16. b3 Bf6 17. Bxf6 Nxf6 18. Kb2 Bc8 19. Nb5 Na6 20. Nb1 Bd7 21. N1c3 Nh5 22.
Be2 Ng7 23. Bd3 Qe7 24. g3 Rae8 25. Qd2 Kh7 26. f4 Nh5 27. Bc2 Qf6 28. Rf1 Qg7
29. f5 Nf6 30. Na7 gxf5 31. exf5 Kh8 32. Nab5 Re7 33. g4 Rg8 34. h3 Qg5 35. Qf2
Bxb5 36. Nxb5 h5 37. Nxd6 cxd6 38. Qxb6 Nc5 39. Qxd6 Nfe4 40. Qc6 f6 41. Rfe1
Qf4 42. d6 Rb7 43. Rxe4 Qf2 44. d7 Rxb3+ 45. Kc1 Rb6 46. Qxb6 Nd3+ 47. Rxd3 Qxb6
48. c5 Qc7 49. c6 Rd8 50. Rc4 a4 51. gxh5 Kh7 52. h6 e4 53. Re3 Qb6 54. Rexe4
Qg1+ 55. Kb2 Qb6+ 56. Ka2 Rb8 57. Re7+ Kg8 58. h7+ Kh8 59. Re8+ Kxh7 60. Rxb8 1-0

[Event "52nd World Juniors 2013"]
[Site "Kocaeli TUR"]
[Date "2013.09.19"]
[Round "7.6"]
[White "Indjic, Aleksandar"]
[Black "Idani, Pouya"]
[Result "0-1"]
[WhiteTitle "IM"]
[BlackTitle "IM"]
[WhiteElo "2549"]
[BlackElo "2480"]
[WhiteFideId "911925"]
[BlackFideId "12510130"]
[EventDate "2013.09.13"]

1. d4 Nf6 2. c4 e6 3. Nf3 c5 4. e3 b6 5. Nc3 Bb7 6. d5 exd5 7. cxd5 g6 8. e4 d6
9. h3 Bg7 10. Bb5+ Nfd7 11. Bf4 a6 12. Bd3 Qe7 13. a4 O-O 14. O-O Ne5 15. Nxe5
Bxe5 16. Bxe5 Qxe5 17. Qe2 Nd7 18. Kh1 Rfe8 19. f4 Qd4 20. Rad1 Qg7 21. Qg4 Re7
22. Bc4 Kh8 23. Qh4 f5 24. exf5 gxf5 25. Rfe1 Rg8 26. Bf1 Rxe1 27. Rxe1 Nf6 28.
Qg5 Qxg5 29. fxg5 Ne4 30. Kh2 Rxg5 31. Nxe4 fxe4 32. Rxe4 Bxd5 33. Re8+ Rg8 34.
Re7 Rg7 35. Re8+ Rg8 36. Re7 b5 37. a5 Rg7 38. Re8+ Rg8 39. Re7 c4 40. Rd7 Rg6
41. Ra7 Rf6 42. Kg1 Be4 43. g4 d5 44. Rd7 b4 45. Bg2 Rc6 46. Bxe4 dxe4 47. Rd2
e3 48. Re2 c3 49. bxc3 bxc3 50. Rc2 Rd6 51. Rc1 e2 0-1

[Event "52nd World Juniors 2013"]
[Site "Kocaeli TUR"]
[Date "2013.09.19"]
[Round "7.8"]
[White "Salem, A.R. Saleh"]
[Black "Javakhadze, Zurab"]
[Result "1-0"]
[WhiteTitle "GM"]
[BlackTitle "IM"]
[WhiteElo "2570"]
[BlackElo "2457"]
[WhiteFideId "9301348"]
[BlackFideId "13603647"]
[EventDate "2013.09.13"]

1. d4 Nf6 2. c4 e6 3. Nf3 Bb4+ 4. Nbd2 b6 5. a3 Bxd2+ 6. Qxd2 Bb7 7. e3 d6 8.
Be2 Nbd7 9. b3 O-O 10. Bb2 Qe7 11. O-O Ne4 12. Qd3 f5 13. Nd2 Ng5 14. f3 e5 15.
Qc3 f4 16. dxe5 Nxe5 17. Rae1 Ne6 18. c5 bxc5 19. Nc4 Nc6 20. exf4 Ncd4 21. Na5
Bd5 22. Bc4 Bxc4 23. Qxc4 Qf7 24. g3 Rae8 25. b4 Qh5 26. bxc5 Qxc5 27. Qxc5 dxc5
28. Re5 Rb8 29. Bxd4 Nxd4 30. Rxc5 Rb2 31. Rf2 Rxf2 32. Kxf2 Re8 33. Nc6 Re2+
34. Kf1 Rc2 35. Rxc2 Nxc2 36. a4 Ne3+ 37. Ke2 Nd5 38. Kd3 a6 39. Kd4 Nb6 40. a5
Nd7 41. Ne5 Nb8 42. Kd5 Kf8 43. Ke6 Ke8 44. f5 1-0

[Event "52nd World Juniors 2013"]
[Site "Kocaeli TUR"]
[Date "2013.09.19"]
[Round "7.11"]
[White "Kanarek, Marcel"]
[Black "Bai, Jinshi"]
[Result "1-0"]
[WhiteTitle "IM"]
[WhiteElo "2483"]
[BlackElo "2419"]
[WhiteFideId "1126822"]
[BlackFideId "8602280"]
[EventDate "2013.09.13"]

1. c4 c5 2. Nf3 Nc6 3. Nc3 g6 4. g3 Bg7 5. Bg2 e6 6. O-O Nge7 7. d3 O-O 8. Rb1
d5 9. Bd2 b6 10. a3 a5 11. b3 Bb7 12. Ne1 Qd7 13. Nc2 Rfd8 14. Qc1 d4 15. Nb5
Ne5 16. Bxb7 Qxb7 17. b4 Qd7 18. Bf4 N7c6 19. Rd1 Qe7 20. bxc5 bxc5 21. Ne1 Rd7
22. Bh6 Bh8 23. h3 f5 24. Bg5 Qe8 25. e3 dxe3 26. Bxe3 Qe7 27. d4 cxd4 28. Nxd4
Nxd4 29. Rxd4 Rc7 30. Bg5 Qe8 31. Bf4 Rac8 32. Rd6 Nxc4 33. Ra6 Rc6 34. Ra7 Bd4
35. Rab7 Nd6 36. Qd1 e5 37. Qb3+ Kh8 38. Bh6 Nxb7 39. Qxb7 e4 40. Rd1 R6c7 41.
Qa6 Qa4 42. Rd2 Bg7 43. Bxg7+ Kxg7 44. Ng2 Qxa3 45. Kh2 Qb4 46. Rd5 Qb2 47. Qe6
Rf8 48. Rxa5 Qf6 49. Nf4 Rc2 50. Kg1 Rf7 51. Qe8 Qb6 52. Ne6+ Kh6 53. Rc5 Rxc5
54. Qxf7 Rc1+ 55. Kg2 Qb2 56. Qf8+ Kh5 57. g4+ fxg4 58. hxg4+ Kh4 59. Qh6+ 1-0

[Event "52nd World Juniors 2013"]
[Site "Kocaeli TUR"]
[Date "2013.09.19"]
[Round "7.12"]
[White "Martinez Romero, Martin"]
[Black "Narayanan, Srinath"]
[Result "0-1"]
[WhiteTitle "IM"]
[BlackTitle "IM"]
[WhiteElo "2404"]
[BlackElo "2483"]
[WhiteFideId "4404025"]
[BlackFideId "5018420"]
[EventDate "2013.09.13"]

1. e4 c5 2. Nf3 d6 3. d4 Nf6 4. Nc3 cxd4 5. Nxd4 a6 6. Bc4 e6 7. O-O Be7 8. Bb3
O-O 9. Be3 Nbd7 10. Bxe6 fxe6 11. Nxe6 Qa5 12. Nxf8 Nxf8 13. Nd5 Nxd5 14. Qxd5+
Qxd5 15. exd5 Bf5 16. c3 Rc8 17. Rfe1 Nd7 18. Bd4 Bg5 19. f4 Bd8 20. Rac1 Kf7
21. b3 Nf6 22. c4 Ba5 23. Re2 Nxd5 24. h3 Nxf4 25. Rf2 g5 26. Be3 Ke6 27. Rd1
Rg8 28. Kh2 Be4 29. Rd4 Ke5 30. g3 Nd3 31. Rf7 Re8 32. c5 dxc5 33. Rdd7 Bd8 34.
b4 Ke6 35. Rg7 Bf6 36. Rgf7 Ne5 37. Rxf6+ Kxf6 38. Rd6+ Kf7 39. bxc5 Bc6 0-1

[Event "52nd World Juniors 2013"]
[Site "Kocaeli TUR"]
[Date "2013.09.19"]
[Round "7.13"]
[White "Pavlidis, Antonios"]
[Black "Fang, Yan"]
[Result "1/2-1/2"]
[WhiteTitle "IM"]
[WhiteElo "2471"]
[BlackElo "2281"]
[WhiteFideId "4212312"]
[BlackFideId "8604746"]
[EventDate "2013.09.13"]

1. e4 e5 2. Nf3 Nc6 3. d4 exd4 4. Nxd4 Nf6 5. Nxc6 bxc6 6. e5 Qe7 7. Qe2 Nd5 8.
c4 Ba6 9. Nd2 Nb6 10. b3 d5 11. exd6 cxd6 12. Bb2 d5 13. O-O-O Qxe2 14. Bxe2 Bc5
15. Bxg7 Rg8 16. Be5 Bxf2 17. Bf3 O-O-O 18. cxd5 Rde8 19. Bg3 Bxg3 20. hxg3 cxd5
21. Rxh7 Re7 22. Nb1 Be2 23. Bxe2 Rxe2 24. Rd2 Re1+ 25. Kb2 Rf1 26. Nc3 Rxg3 27.
Nb5 Kb8 28. Re2 Rg8 29. a4 Nc8 30. Ka3 Kb7 31. Rc2 a6 32. Nd4 Nd6 33. Rh5 Rd1
34. Rxd5 Rd8 35. Nc6 Nc4+ 36. bxc4 Kxc6 37. Rf5 Rb8 38. Rf6+ Kc5 39. Rf5+ Kc6
40. Ka2 Rb4 41. Rf6+ Kc5 42. Rf5+ Kc6 43. a5 Ra4+ 44. Kb3 Rda1 45. Rf6+ Kc5 46.
Rf5+ Kc6 47. Rcf2 R1a3+ 48. Kb2 Rxa5 49. Rxa5 Rxa5 50. Rf6+ Kc5 51. Kb3 Ra1 52.
Rf5+ Kd4 53. Rf4+ Kc5 54. Rf5+ Kc6 55. Rxf7 a5 56. Rf6+ Kc5 57. Rf5+ Kc6 58. g4
Rg1 59. g5 Rg3+ 60. Ka4 Rg4 61. Kb3 Rg3+ 62. Kb2 a4 63. Ra5 Kb6 64. Rb5+ Kc6 65.
Rf5 Kb6 66. Re5 Kc6 67. Rb5 a3+ 68. Ka2 Rg4 69. Kb3 a2 70. Ra5 Rxg5 71. Rxa2 Rg1
72. Ra6+ Kc5 73. Ra5+ Kc6 74. Ra6+ Kc5 1/2-1/2

[Event "52nd World Juniors 2013"]
[Site "Kocaeli TUR"]
[Date "2013.09.19"]
[Round "7.14"]
[White "Vakhidov, Jahongir"]
[Black "Petenyi, Tamas"]
[Result "1/2-1/2"]
[WhiteTitle "IM"]
[BlackTitle "IM"]
[WhiteElo "2385"]
[BlackElo "2468"]
[WhiteFideId "14201801"]
[BlackFideId "14909090"]
[EventDate "2013.09.13"]

1. d4 Nf6 2. Nf3 g6 3. c4 Bg7 4. g3 O-O 5. Bg2 d6 6. Nc3 c6 7. O-O a6 8. d5 Nfd7
9. Be3 c5 10. Qd2 Re8 11. a4 Ne5 12. Nxe5 Bxe5 13. f4 Bg7 14. Bf2 Nd7 15. h3 Qa5
16. Rfc1 Rb8 17. Qd3 Nf8 18. Kh2 Bd7 19. Be1 Qc7 20. Rab1 Rbd8 21. b3 b6 22. Rd1
Rb8 23. e3 Rb7 24. Rdc1 Reb8 25. Bf1 Qc8 26. Rc2 Qe8 27. Ra2 Qd8 28. Qc2 Qc7 29.
Rd1 Qc8 30. Bd2 Qd8 31. Bc1 Bf5 32. e4 Bc8 33. Bb2 Bd7 34. Ba1 Qe8 35. Bb2 Qd8
36. Qc1 Qe8 37. Qa1 f6 38. Re1 Qf7 39. Bg2 b5 40. axb5 axb5 41. e5 fxe5 42. fxe5
Bxe5 43. Rxe5 dxe5 44. Ne4 bxc4 45. bxc4 Rxb2 46. Rxb2 Rxb2 47. Qxb2 Bf5 48.
Nxc5 Qf6 49. Nb7 h5 50. c5 h4 51. Qc3 hxg3+ 52. Qxg3 Nh7 53. c6 Ng5 54. Nc5 Nf7
55. Be4 Nd6 56. Nd7 Qf7 57. Bxf5 Qxf5 58. Nxe5 Kg7 59. c7 Qc2+ 60. Qg2 Qf5 61.
Qb2 Qf4+ 62. Kg2 Kh7 63. Nf3 Qe4 64. Qd2 Qc4 65. Qd4 Qc2+ 66. Qf2 Qxc7 67. Ng5+
Kg8 68. Ne6 Qc8 69. h4 Nf5 70. Nf4 Qc4 71. Kh2 Kh7 1/2-1/2

[Event "52nd World Juniors 2013"]
[Site "Kocaeli TUR"]
[Date "2013.09.19"]
[Round "7.15"]
[White "Iermito, Sebastian"]
[Black "Muhammad, Luthfi Ali"]
[Result "1/2-1/2"]
[WhiteTitle "IM"]
[BlackTitle "CM"]
[WhiteElo "2462"]
[BlackElo "2277"]
[WhiteFideId "114286"]
[BlackFideId "7103743"]
[EventDate "2013.09.13"]

1. e4 c5 2. Nf3 d6 3. d4 cxd4 4. Nxd4 Nf6 5. Nc3 g6 6. Be3 Bg7 7. f3 Nc6 8. Qd2
O-O 9. g4 Be6 10. O-O-O Nxd4 11. Bxd4 Qa5 12. a3 Rfc8 13. h4 Rab8 14. Nd5 Qxd2+
15. Rxd2 Bxd5 16. exd5 a6 17. Be2 Nd7 18. f4 Nc5 19. Rh3 b5 20. Bxg7 Kxg7 21.
Rd4 Rc7 22. Re3 Rbc8 23. Kb1 Na4 24. c3 Nb6 25. Kc2 Kf8 26. g5 Rc5 27. Red3 Rc4
28. b3 R4c5 29. Bg4 R8c7 30. h5 f5 31. Bf3 a5 32. hxg6 hxg6 33. Bg2 Rc8 34. Rh3
Kg7 35. Rd1 Rh8 36. Rxh8 Kxh8 37. Kb2 Kg7 38. Rd4 Kf8 39. Bf3 Rc7 40. Kc2 Ke8
41. Bg2 Kd8 42. Bf3 1/2-1/2